Gaming Quiz

Random Gaming or Pokémon Quiz

What are all of the starter pokemon Quiz Stats

Quiz not verified by Sporcle

Challenge
Share
Tweet
Embed
Score 0/21 Timer 10:00
0 Plays Today
Hint Answer % Correct
Bulbasaur
100%
Charmander
100%
Squirtle
95.5%
Chikorita
95.5%
Totodile
90.9%
Torchic
90.9%
Mudkip
86.4%
Chimchar
86.4%
Cyndaquil
81.8%
Treecko
81.8%
Turtwig
81.8%
Hint Answer % Correct
Piplup
81.8%
Snivy
81.8%
Tepig
81.8%
Chespin
81.8%
Froakie
81.8%
Oshawott
77.3%
Fennekin
77.3%
Rowlet
68.2%
Popplio
68.2%
Litten
68.2%

You're not logged in!

Compare scores with friends on all Sporcle quizzes.
Join for Free
OR
Log In

You Might Also Like...

Show Comments

Extras

Top Quizzes Today


Score Distribution

Your Account Isn't Verified!

In order to create a playlist on Sporcle, you need to verify the email address you used during registration. Go to your Sporcle Settings to finish the process.

Report this User

Report this user for behavior that violates our Community Guidelines.

Details: